| 000 | 01020nam a2200253Ia 4500 | ||
|---|---|---|---|
| 008 | 191130s1995##################000#0#eng## | ||
| 020 | _a9780521533157 | ||
| 040 |
_aACL _cACL |
||
| 082 | _a984.13 COR | ||
| 100 | _aCornblit, Oscar | ||
| 245 |
_aPower and violence in the colonial city : Oruro from the mining renaissance to the rebellion of Tupac Amaru, 1740-1782 _cOscar Cornblit ; translated by Elizabeth Ladd Glick |
||
| 260 |
_aCambridge _bCambridge University Press _c1995 |
||
| 300 | _ax, 230 p. : ill., maps ; 24 cm | ||
| 500 | _aIncludes bibliographical references (p. 217-222) and index | ||
| 650 | _aBolivia - History - To 1809 | ||
| 650 | _aIndians, Treatment of - Bolivia - Oruro - History - 18th century | ||
| 650 | _aOruro (Bolivia) - History | ||
| 650 | _aPeru - History - 1548-1820 | ||
| 650 | _aPeru - History - Insurrection of Tupac Amaru, 1780-1781 - Causes | ||
| 650 | _aPower (Social sciences) | ||
| 990 | _a6839cf83ac10000c2652363ce59c4fe5 | ||
| 991 | _a307604 | ||
| 999 |
_c283632 _d283632 |
||